Rezanie i instrument. Vypusk 2/14/ : Obrabotka materialov rezaniem

Saved in:
Bibliographic Details
Format: Book
Language:Russian
Published: Charkov : Ch.universitet, 1970
Subjects:
Tags: Add Tag
No Tags, Be the first to tag this record!

MARC

LEADER 00000nam a22000003a 4500
001 stu41336
005 20141122042506.3
008 931122s1970----xxr-----------------rus-d
040 |a STU  |b slo 
041 0 |a rus 
044 |a xxr 
080 |a 621.937 
245 |a Rezanie i instrument. Vypusk 2/14/ :  |b Obrabotka materialov rezaniem 
260 |a Charkov :  |b Ch.universitet,  |c 1970 
300 |a 143 s 
650 7 |a rezanie  |2 stusub 
996 |b 284M003639  |c M*4145-1  |l MMKN  |s A  |a 24  |w stu41336_0001